Score 0/10 Timer 05:00
0 Plays Today
Celebrity % Correct
Halle Berry
84.1%
Cher
78.2%
Bjork
71.8%
Sandra Bullock
67.1%
Kate Winslet
56%
Hillary Swank
54.8%
Angelina Jolie
49.6%
Natalie Portman
29%
Heidi Klum
28.6%
Eva Mendes
11.5%
Remove Ads.
Support Sporcle.
Get the best of Sporcle when you Go Orange. This ad-free experience offers more features, more stats, and more fun while also helping to support Sporcle. Thank you for becoming a member.

You're not logged in!

Compare scores with friends on all Sporcle quizzes.
OR
Log In

Show Comments

Extras

Created Nov 28, 2010ReportNominate
Tags:Celebrity Quiz, Award, Ceremony, Dress

Top Quizzes Today


Score Distribution

Your Account Isn't Verified!

In order to create a playlist on Sporcle, you need to verify the email address you used during registration. Go to your Sporcle Settings to finish the process.

Report this User

Report this user for behavior that violates our Community Guidelines.

Details: